LIBRARY & INFORMATION CENTRE, KCAET, TAVANUR

ONLINE PUBLIC ACCESS CATALOGUE (OPAC)

College physics / (Record no. 2194)

MARC details
000 -LEADER
fixed length control field 00508cam a2200205ua 4500
041 ## - LANGUAGE CODE
Language code of text/sound track or separate title eng
082 ## - DEWEY DECIMAL CLASSIFICATION NUMBER
Classification number 530
Item number WEB/CO
100 ## - MAIN ENTRY--AUTHOR NAME
Personal name Weber, Robert.L .
245 ## - TITLE STATEMENT
Title College physics /
250 ## - EDITION STATEMENT
Edition statement 3 /
260 ## - PUBLICATION, DISTRIBUTION, ETC. (IMPRINT)
Place of publication New York :
Name of publisher McGraw Hill Book Company ,
Year of publication 1952.
300 ## - PHYSICAL DESCRIPTION
Number of Pages 640 ; .
700 1# - ADDED ENTRY--PERSONAL NAME
Personal name Mannring, Kenneth.V .
700 1# - ADDED ENTRY--PERSONAL NAME
Personal name White, Marsh.W .
942 ## - ADDED ENTRY ELEMENTS (KOHA)
Koha item type Books
Holdings
Withdrawn status Lost status Damaged status Home library Current library Date acquired Full call number Accession Number Koha item type
      KAUAET KAUAET 07/04/2012 530 WEB/CO 1843 Books
free website counter